=LDR 00000nam 2200000 4500 =001 INLIS000000000035895 =005 20130612141722 =008 ***********************************Ing** =035 ##$$0010-061300000035895 =041 ##$$a Ing =082 ##$$a 658.006 =090 ##$$a 658.006, fob =100 ##$$a Webber, Ross A =245 ##$$a To Be A Manager, Essential of management =260 ##$$a 1981 $b USA =300 ##$$a 507 hlm, ilus, 25 cm =850 ##$$a NBPNMAT